| 000 | 02163nam a2200433 a 4500 | ||
|---|---|---|---|
| 003 | CHAP | ||
| 005 | 20240829131551.0 | ||
| 007 | ta | ||
| 008 | 240816s2013 mx abdofr|||| 001 0 spa d | ||
| 020 | _a978-607-715-091-6 | ||
| 040 |
_amxchpua _cCHAP _erda |
||
| 041 |
_aspa _bspa _fspa _hspa |
||
| 050 | 1 | 0 |
_aSB229.M4 _b.C33 2013 |
| 082 | 0 | 0 |
_220 _a633.61 _bC33 2013 |
| 245 | 1 | 0 |
_aCaña de azúcar : _bproducción sustentable / _cSergio Salgado García, Luz del C. Lagunes Espinoza, Roberto Nuñez Escobar, Carlos F. Ortiz García, Lauro Bucio Alanís y Emilio M. Aranda Ibañez |
| 250 | _a1a edición | ||
| 264 |
_aMéxico : _bColegio de Postgraduados, _c2013 |
||
| 300 |
_axxiii, 524 páginas : _bilustraciones, mapas, gráficas, diagramas, tablas, fotos |
||
| 336 |
_2rdacontent _atexto _btxt |
||
| 337 |
_2rdamedia _asin medio _bn |
||
| 338 |
_2rdacarrier _avolumen _bnc |
||
| 490 | 1 |
_aBiblioteca Básica de Agricultura (Colegio de Postgraduados) _v39 |
|
| 504 | _aIncluye bibliografías | ||
| 520 | _aLa Caña de azúcar (Saccharum officinarum) es una planta originaria de Guinea, de donde se expandió a toda Asia. Los árabes la trasladaron a Siria, Palestina, Arabia y Egipto, de donde se extendió a África. Al descubrimiento de América, Colón la llevo a las islas del Caribe, de donde pasó a América Tropical. A México llegó con la conquista, instalándose los primeros ingenios azucareros en nuestras regiones cálidas. | ||
| 650 | 1 | 7 |
_aCaña de azúcar _2atg _918571 |
| 650 | 1 | 2 |
_aCaña de azúcar _xCultivo _2atg _9136648 |
| 650 | 1 | 3 |
_aIndustria azucarera _2atg _957780 |
| 650 | 1 | 0 |
_aSugarcane _9152878 |
| 650 | 1 | 3 |
_aSugar cane _xCrops _2atg _9189447 |
| 650 | 1 | 3 |
_aSugar industry _2atg _9151278 |
| 700 | 1 |
_aSalgado García, Sergio _9101585 _eautor |
|
| 700 | 1 |
_aLagunes Espinoza, Luz del Carmen _964463 _eautora |
|
| 700 | 1 |
_aNúñez Escobar, Roberto _981932 _eautor |
|
| 700 | 1 |
_aOrtiz García, Carlos Fredy _983972 _eautor |
|
| 700 | 1 |
_aBucio Alanis, Lauro _915888 _eautor |
|
| 700 | 1 |
_aAranda Ibáñez, Emilio M. _9189448 _eautor |
|
| 830 | 0 |
_aBiblioteca Básica de Agricultura (Colegio de Postgraduados) _9186443 _v39 |
|
| 942 |
_2ddc _cLIBRO |
||
| 999 |
_c220089 _d220089 |
||